Indian Financial System/ (Record no. 154655)

MARC details
000 -LEADER
fixed length control field 00776nam a22002177a 4500
005 - DATE AND TIME OF LATEST TRANSACTION
control field 20180723154715.0
010 ## - LCCN (DPL NO)
LC control number B-698568
020 ## - INTERNATIONAL STANDARD BOOK NUMBER
International Standard Book Number 9789352864867
Terms of availability 749.00
035 ## - SYSTEM CONTROL NUMBER
System control number B-698568
037 ## - SOURCE OF ACQUISITION
Source of stock number/acquisition RK Books
082 ## - DEWEY DECIMAL CLASSIFICATION NUMBER
Edition number 5th Edition
Classification number 657
100 ## - MAIN ENTRY--PERSONAL NAME
Personal name Pathak,V Bharati
245 ## - TITLE STATEMENT
Title Indian Financial System/
Statement of responsibility, etc Bharati V. Pathak
250 ## - EDITION STATEMENT
Edition statement 5th Edition
260 ## - PUBLICATION, DISTRIBUTION, ETC. (IMPRINT)
Place of publication, distribution, etc UP Noida
Name of publisher, distributor, etc Pearson Education Services pvt. Lid.
Date of publication, distribution, etc 2018
270 ## - ADDRESS
Address plot No-1,Block-C,Sector-16
City UP Noida
Postal code 201301
300 ## - PHYSICAL DESCRIPTION
Extent 863p.
Dimensions 28 c.m. (pbk)
500 ## - GENERAL NOTE
General note Index
942 ## - ADDED ENTRY ELEMENTS (KOHA)
Source of classification or shelving scheme Dewey Decimal Classification
Item type English Books
Edition 5th Editon
Classification part 657
Call number suffix PAT
Holdings
Withdrawn status Lost status Not for loan Home library Current library Date acquired Full call number Koha item type
      Central Library Central Library 23/07/2018 657 PAT English Books

© Delhi Public Library
Hit Counter
free hit counter